Fluid mechanics and thermodynamics of turbomachinery / (Record no. 355992)
[ view plain ]
| 000 -LEADER | |
|---|---|
| fixed length control field | 01653cam a2200337 i 4500 |
| 001 - CONTROL NUMBER | |
| control field | 18211066 |
| 003 - CONTROL NUMBER IDENTIFIER | |
| control field | USPCAS-E |
| 005 - DATE AND TIME OF LATEST TRANSACTION | |
| control field | 20180118181420.0 |
| 008 - FIXED-LENGTH DATA ELEMENTS--GENERAL INFORMATION | |
| fixed length control field | 140703s2014 ne a b 001 0 eng c |
| 010 ## - LIBRARY OF CONGRESS CONTROL NUMBER | |
| LC control number | 2014397952 |
| 020 ## - INTERNATIONAL STANDARD BOOK NUMBER | |
| International Standard Book Number | 0124159540 |
| 020 ## - INTERNATIONAL STANDARD BOOK NUMBER | |
| International Standard Book Number | 9780124159549 |
| 035 ## - SYSTEM CONTROL NUMBER | |
| System control number | (OCoLC)ocn864034780 |
| 040 ## - CATALOGING SOURCE | |
| Original cataloging agency | UPM |
| Language of cataloging | eng |
| Transcribing agency | UPM |
| Description conventions | rda |
| Modifying agency | YDXCP |
| -- | BTCTA |
| -- | IXA |
| -- | UKWOH |
| -- | DLC |
| 042 ## - AUTHENTICATION CODE | |
| Authentication code | pcc |
| 050 00 - LIBRARY OF CONGRESS CALL NUMBER | |
| Classification number | TJ267 |
| Item number | .D5 2014 |
| 082 ## - DEWEY DECIMAL CLASSIFICATION NUMBER | |
| Edition number | 23 |
| Classification number | 621.406 |
| Author Mark | DIX-F 2014 |
| 100 1# - MAIN ENTRY--PERSONAL NAME | |
| Personal name | Dixon, S. L. |
| Fuller form of name | (Sydney Lawrence), |
| Relator term | author. |
| 245 10 - TITLE STATEMENT | |
| Title | Fluid mechanics and thermodynamics of turbomachinery / |
| Statement of responsibility, etc. | S. L. Dixon, B. Eng., Ph.D., honorary senior fellow, Department of Engingeering, University of Liverpool, UK, C. A. Hall, Ph.D., university senior lecturer in turbomachinery, University of Cambridge, UK. |
| 250 ## - EDITION STATEMENT | |
| Edition statement | Seventh edition. |
| 300 ## - PHYSICAL DESCRIPTION | |
| Extent | xviii, 537 pages : |
| Other physical details | illustrations ; |
| Dimensions | 25 cm |
| 502 ## - DISSERTATION NOTE | |
| Dissertation note | . |
| 504 ## - BIBLIOGRAPHY, ETC. NOTE | |
| Bibliography, etc. note | Includes bibliographical references and index. |
| 505 0# - FORMATTED CONTENTS NOTE | |
| Formatted contents note | Introduction: basic principles -- Dimensional analysis: similitude -- Two-dimensional cascades -- Axial-flow turbines: mean-line analysis and design -- Axial-flow compressors and ducted fans -- Three-dimensional flows in axial turbomachines -- Centrifugal pumps, fans, and compressors -- Radial flow gas turbines -- Hydraulic turbines -- Wind turbines. |
| 650 #0 - SUBJECT ADDED ENTRY--TOPICAL TERM | |
| Topical term or geographic name entry element | Turbomachines |
| General subdivision | Fluid dynamics. |
| 650 #0 - SUBJECT ADDED ENTRY--TOPICAL TERM | |
| Topical term or geographic name entry element | Thermodynamics. |
| 700 1# - ADDED ENTRY--PERSONAL NAME | |
| Personal name | Hall, C. A. |
| Fuller form of name | (Cesare A.), |
| Relator term | author. |
| 906 ## - LOCAL DATA ELEMENT F, LDF (RLIN) | |
| a | 7 |
| b | cbc |
| c | pccadap |
| d | 2 |
| e | ncip |
| f | 20 |
| g | y-gencatlg |
| 942 ## - ADDED ENTRY ELEMENTS (KOHA) | |
| Source of classification or shelving scheme | |
| Koha item type | Book |
| Withdrawn status | Lost status | Source of classification or shelving scheme | Damaged status | Not for loan | Collection code | Permanent Location | Current Location | Shelving location | Date acquired | Source of acquisition | Cost, normal purchase price | Total Checkouts | Full call number | Barcode | Date last seen | Price effective from | Koha item type | Copy number |
|---|---|---|---|---|---|---|---|---|---|---|---|---|---|---|---|---|---|---|
| US-Pakistan Center for Advanced Studies in Energy (USPCAS-E) | US-Pakistan Center for Advanced Studies in Energy (USPCAS-E) | 01/29/2016 | Golden books | 9278.00 | 621.406 DIX-F 2014 | CAS-E0001453 | 01/29/2016 | 01/29/2016 | Book | |||||||||
| US-Pakistan Center for Advanced Studies in Energy (USPCAS-E) | US-Pakistan Center for Advanced Studies in Energy (USPCAS-E) | 01/29/2016 | Golden books | 9278.00 | 621.406 DIX-F 2014 | CAS-E0001454 | 01/29/2016 | 01/29/2016 | Book | C-2 | ||||||||
| US-Pakistan Center for Advanced Studies in Energy (USPCAS-E) | US-Pakistan Center for Advanced Studies in Energy (USPCAS-E) | 01/29/2016 | Golden books | 9278.00 | 621.406 DIX-F 2014 | CAS-E0001455 | 01/29/2016 | 01/29/2016 | Book | C-3 |
